Logo Tahmin Etme - Statistics

General Stats
  • This quiz has been taken 25 138 times
  • The average score is 30 of 46
Answer Stats
Picture Answer % Correct
Pepsi
99%
Adidas
98%
Nike
98%
Puma
97%
Dominos
96%
Starbucks
96%
BMW
95%
Mercedes
94%
Samsung
93%
amazon
91%
Apple
90%
Monster
90%
KFC
88%
McDonald's
87%
Netflix
87%
İnstagram
85%
LG
85%
Toyota
80%
Pinterest
78%
Shell
78%
Audi
77%
Pringles
75%
Sprite
68%
Xbox
68%
Disney
66%
Google
64%
Gucci
57%
Wikipedia
55%
Knor
54%
Algida
49%
Porsche
49%
Gmail
48%
Volkswagen
48%
Bentley
47%
Nasa
46%
MasterCard
45%
Chanel
44%
Lacoste
40%
Rolex
40%
UPS
35%
Harley Davidson
33%
Pizza hut
25%
Playboy
19%
Champion
17%
Motorola
16%
Yamaha
15%
No matching quizzes found
Score Distribution
Percent of People with Each Score
Percentile by Number Answered
Your Score History
You have not taken this quiz